000 00210nam a22000857a 4500
999 _c11816
_d11816
008 200225b ||||| |||| 00| 0 eng d
100 _aFreeman Don
_97495
245 _aCorduroy
260 _aNew York
_bThe Viking Press